000 01570nam a2200385 a 4500
999 _c107820
_d107820
003 BLK
005 20250510155006.0
008 180409b bul|||||r ||||||| ||bul||
010 _aKNG00113116000
020 _a954-516-416-6
040 _aBLK
041 _aBUL
_cBUL
080 _aОснови на четенето. Методи на обучение в четенето
_b372.41
_x(075.2)
_z372.41(075.2)
100 1 _aТанкова, Румяна Димитрова
_eпърви автор
_9368870
139 _aАзбукарче
_bА 36
245 1 0 _aАзбукарче
_bКн. за буквите
_cРумяна Димитрова Танкова; ил. Александър Алексов; ил. Доньо Донев.
257 _aBGR
260 _bЛетера
_c2003
_fВ. Търново : Абагар
_aПловдив
300 _a124 с.
_bс цв. ил.
_c27 см
380 _a3
500 _aДруги авт.: В. Самуилов, П. Анастасов, В. Иванова, В. Божилова.
650 4 _aЧетене - учебници за основни училища
_9252948
653 _aчетене
653 _aазбука
653 _aучебни помагала
700 1 _aАлексов, Александър
_eил.
_9372063
700 1 _aДонев, Доньо
_eил.
_9370867
852 _aЦб ІІ 12624
856 4 _qpdf
856 4 _qpdf
942 _cKNG
_n0
_020
_s1
944 _aCR
_c17.05.2004
_lАнна Гръцманова
_k30564
944 _aED
_c14.01.2013
_lф /
999 _d107820